00362nam a22001097a 4500008004100000020001500041082001700056100001700073245010200090260005200192300000800244230704b xxu||||| |||| 00| 0 eng d a9966948724 a339.523bWAG cMbui Wagacha aIpar Special Paper SeriesbSP No 04/2000creview of kenya's Budget and fiscial Strategy:2000/2001 bInstitute of policy Analysis and Researchc2000 a25p